LIBRARY & INFORMATION CENTRE, KCAET, TAVANUR

ONLINE PUBLIC ACCESS CATALOGUE (OPAC)

Kaliyan | കലിയൻ (Record no. 17615)

MARC details
000 -LEADER
fixed length control field 00339nam a22001457a 4500
003 - CONTROL NUMBER IDENTIFIER
control field OSt
008 - FIXED-LENGTH DATA ELEMENTS--GENERAL INFORMATION
fixed length control field 230221b |||||||| |||| 00| 0 eng d
041 ## - LANGUAGE CODE
Language code of text/sound track or separate title mal
082 ## - DEWEY DECIMAL CLASSIFICATION NUMBER
Classification number 894.812 3
Item number PUS/KA
100 ## - MAIN ENTRY--AUTHOR NAME
Personal name Pushpan Thikkodi
245 ## - TITLE STATEMENT
Title Kaliyan
Remainder of title കലിയൻ
260 ## - PUBLICATION, DISTRIBUTION, ETC. (IMPRINT)
Place of publication Thiruvananthapuran
Year of publication 2021
300 ## - PHYSICAL DESCRIPTION
Number of Pages 200
942 ## - ADDED ENTRY ELEMENTS (KOHA)
Koha item type Books
Holdings
Withdrawn status Lost status Damaged status Collection code Home library Current library Date acquired Full call number Accession Number Koha item type
      General Books KAUAET KAUAET 21/02/2023 894.812 3 PUS/KA 26075 Books
free website counter